Every "Tier 100" Skin in Fortnite Ever - Picture Quiz - Statistics

General Stats
  • This quiz has been taken 256 times
  • The average score is 19 of 32
Answer Stats
Picture Hint Answer % Correct
Chapter 1 - Season 2 Black Knight
97%
Chapter 2 - Season 2 Midas
97%
Chapter 1 - Season 4 Omega
94%
Chapter 3 - Season 1 Spider-Man
94%
Chapter 1 - Season 3 The Reaper
94%
Chapter 3 - Season 3 Darth Vader
91%
Chapter 2 - Season 4 Tony Stark
91%
Chapter 3 - Season 2 Doctor Strange
90%
Chapter 1 - Season 7 The Ice King
84%
Chapter 2 - Season 8 Carnage
81%
Chapter 2 - Season 5 Mandalorian
77%
Chapter 1 - Season 5 Ragnarok
76%
Chapter 4 - Season 3 Optimus Prime
74%
Chapter 3 - Season 4 Spider-Gwen
73%
Chapter 2 - Season 7 Rick Sanchez
71%
Chapter 1 - Season 6 Dire
58%
Chapter 2 Remix Meowdas
58%
Chapter 5 - Season 2 Hades
57%
Chapter 1 - Season 8 Luxe
54%
Chapter 5 - Season 4 Shuri
46%
Chapter OG - Season OG Omegarok
44%
Chapter 5 - Season 3 Megalo Don
38%
Chapter 1 - Season 9 Vendetta
38%
Chapter 5 - Season 1 Valeria
37%
Chapter 2 - Season 1 Fusion
32%
Chapter 4 - Season 1 The Ageless
32%
Chapter 4 - Season 4 Kado Thorne
29%
Chapter 2 - Season 6 Spire Assassin
29%
Chapter 1 - Season 10 Ultima Knight
28%
Chapter 2 - Season 3 Eternal Knight
26%
Chapter 6 - Season 1 The Night Rose
20%
Chapter 4 - Season 2 Mizuki
19%
No matching quizzes found
Score Distribution
Percent of People with Each Score
Percentile by Number Answered
Your Score History
You have not taken this quiz